000 00810cab a2200265 4500
001 ABS52784
008 090401t1995 xxu||||| |||| 00| 0 eng d
035 _a(Sirsi) u206
041 _aeng
245 _aRental adjustments for rating use
260 _c1995
350 _a0
490 _aEstates Gazette
_v(9517) 29 April 1995, 121-123(2)
520 _aLooks at how rental evidence might need adjustment to reach a rateable value, in a market where tenants are offered incentives to occupy property. (Mainly for students)
650 _aANTECEDENT VALUATION DATE
650 _aCOMPARABLES
650 _aIMPROVEMENTS
650 _aLEASE INCENTIVES
650 _aPREMIUMS
650 _aREVALUATION
650 _aTENANTS MARKET
690 _aRATING AND VALUATION
942 _n0
948 _c04/03/1997
999 _c82
_d82